Calciatori per numero di finali di Coppa Italia a segno - Statistics

Statistiche generali
  • Questo quiz è stato fatto 8 volte
  • Il punteggio medio è 6 su 7
Statistiche sulle risposte
Finali in gol Nazione Squadra Calciatore % Corretto
3 Italia Roma Francesco Totti
100%
3 Argentina Fiorentina Gabriel Batistuta
100%
3 Italia Sampdoria Gianluca Vialli
100%
4 Argentina Parma; Inter Hernán Crespo
100%
3 Italia Sampdoria Roberto Mancini
100%
3 Brasile Roma; Sampdoria Toninho Cerezo
50%
3 Italia Roma Simone Perrotta
25%
Nessun quiz corrispondente trovato
Distribuzione punteggi
Percentuale di utenti per punteggio
Percentile per numero di risposta
I tuoi punteggi nel tempo
Non hai fatto questo quiz